[Event "10. Copenhagen Open"]
[Site "Copenhagen"]
[Date "1988.??.??"]
[Round "8"]
[White "Haugli, Petter"]
[Black "Wegner, Hannu"]
[Result "1/2-1/2"]
[WhiteElo "2350"]
[BlackElo "2320"]
[PlyCount "89"]
[EventDate "1988.??.??"]
[EventType "swiss"]
[EventRounds "10"]
[EventCountry "DEN"]
[SourceDate "2004.01.01"]

1. e4 e5 2. Nf3 Nc6 3. Bb5 a6 4. Ba4 Nf6 5. O-O Be7 6. Re1 b5 7. Bb3 O-O 8. a4
Bb7 9. d3 Re8 10. Bg5 h6 11. Bxf6 Bxf6 12. Nc3 Na5 13. Ba2 b4 14. Ne2 Rb8 15.
Ng3 Bc6 16. Nd2 Bg5 17. Nc4 Nxc4 18. Bxc4 a5 19. Qg4 d6 20. b3 Bd7 21. Qe2 c6
22. Rad1 Bc8 23. Qf3 Qf6 24. Qxf6 Bxf6 25. Ne2 Bb7 26. c3 bxc3 27. Nxc3 Red8
28. Na2 d5 29. exd5 cxd5 30. Bb5 Rbc8 31. Rc1 e4 32. b4 axb4 33. Rb1 b3 34.
Rxb3 Rc2 35. Nb4 Rd2 36. Kf1 exd3 37. Rxd3 Rb2 38. Nc6 Rc8 39. Na5 Ba8 40. Re8+
Rxe8 41. Bxe8 Bd8 42. Bc6 Bxc6 43. Nxc6 Bb6 44. Rf3 Bc5 45. Ne5 1/2-1/2

[Event "10. Copenhagen Open"]
[Site "Copenhagen"]
[Date "1988.??.??"]
[Round "8"]
[White "Hoi, Carsten"]
[Black "Inkiov, Ventzislav"]
[Result "1/2-1/2"]
[WhiteElo "2405"]
[BlackElo "2490"]
[PlyCount "50"]
[EventDate "1988.??.??"]
[EventType "swiss"]
[EventRounds "10"]
[EventCountry "DEN"]
[SourceDate "2004.01.01"]

1. d4 Nf6 2. c4 e6 3. Nf3 d5 4. cxd5 exd5 5. Nc3 c6 6. Bg5 Be7 7. e3 Nbd7 8.
Bd3 O-O 9. Qc2 Re8 10. O-O Nf8 11. Ne5 Ng4 12. Bxe7 Qxe7 13. Nxg4 Bxg4 14. Rae1
Ng6 15. f4 Qh4 16. Qf2 Qxf2+ 17. Kxf2 Ne7 18. b4 Bf5 19. Be2 Nc8 20. g4 Bd7 21.
b5 Nd6 22. bxc6 bxc6 23. f5 g6 24. fxg6 fxg6 25. h3 Re7 1/2-1/2

[Event "10. Copenhagen Open"]
[Site "Copenhagen"]
[Date "1988.??.??"]
[Round "8"]
[White "Horvath, Tamas"]
[Black "Jakobsen, Ole"]
[Result "1-0"]
[WhiteElo "2415"]
[BlackElo "2385"]
[PlyCount "135"]
[EventDate "1988.??.??"]
[EventType "swiss"]
[EventRounds "10"]
[EventCountry "DEN"]
[SourceDate "2004.01.01"]

1. e4 b6 2. d4 Bb7 3. Bd3 Nf6 4. Nd2 e6 5. Ngf3 d5 6. Qe2 dxe4 7. Nxe4 Be7 8.
Bg5 Nbd7 9. h4 h6 10. Bxf6 Nxf6 11. O-O-O O-O 12. Nxf6+ Bxf6 13. Kb1 Qd6 14. c3
Qf4 15. Ng5 Bxg5 16. hxg5 Qxg5 17. Rh3 c5 18. Rg3 Qf6 19. dxc5 bxc5 20. Qe3
Rfc8 21. Rh1 Kf8 22. Rg4 Rc7 23. Rh5 Rd8 24. Rf4 Qe7 25. Re5 Rd6 26. Bc2 Bd5
27. f3 g5 28. Rff5 exf5 29. Rxe7 Rxe7 30. Qf2 Rde6 31. b3 Re1+ 32. Kb2 c4 33.
Qc5 cxb3 34. axb3 Be6 35. Qd4 Ke8 36. Qh8+ Kd7 37. Qxh6 Re2 38. Qxg5 Re8 39. c4
Rh8 40. Qf6 Rh2 41. Qd4+ Ke8 42. Kc3 Rhxg2 43. Bd3 Ra2 44. Qf4 Kf8 45. Bxf5
Bxf5 46. Qxf5 a5 47. c5 Ra1 48. Qf4 Raa2 49. Qe4 Rg1 50. Kc4 Rc1+ 51. Kb5 Rac2
52. c6 Kg7 53. Kb6 Kf6 54. c7 Rxc7 55. Qf4+ Ke6 56. Qe4+ Kf6 57. Kxa5 R7c2 58.
b4 Ra2+ 59. Kb6 Rac2 60. b5 Rc4 61. Qd5 R4c2 62. f4 Kg7 63. Qg5+ Kf8 64. f5 Rf1
65. f6 Rcf2 66. Qh6+ Ke8 67. Qe3+ Kf8 68. Qa3+ 1-0

[Event "10. Copenhagen Open"]
[Site "Copenhagen"]
[Date "1988.??.??"]
[Round "8"]
[White "Iskov, Gert"]
[Black "Bergmann, Jesper"]
[Result "1/2-1/2"]
[WhiteElo "2345"]
[BlackElo "2245"]
[PlyCount "51"]
[EventDate "1988.??.??"]
[EventType "swiss"]
[EventRounds "10"]
[EventCountry "DEN"]
[SourceDate "2004.01.01"]

1. e4 c6 2. c4 d5 3. exd5 cxd5 4. cxd5 Nf6 5. Nc3 g6 6. Bc4 Bg7 7. Nge2 O-O 8.
d3 Na6 9. O-O Nc7 10. Nf4 b6 11. a4 Bb7 12. Re1 Qd7 13. Qf3 a6 14. Be3 b5 15.
Bb3 Qd6 16. Ne4 Qb4 17. Qd1 Nxe4 18. dxe4 Qxe4 19. Bc1 Qb4 20. Nd3 Qh4 21. g3
Qh3 22. Rxe7 Bxd5 23. Nf4 Bxb3 24. Qxb3 Qc8 25. Be3 Bf6 26. Rxc7 1/2-1/2

[Event "10. Copenhagen Open"]
[Site "Copenhagen"]
[Date "1988.??.??"]
[Round "8"]
[White "Karsa, Laszlo"]
[Black "Djurhuus, Rune"]
[Result "1/2-1/2"]
[WhiteElo "2400"]
[BlackElo "2315"]
[PlyCount "80"]
[EventDate "1988.??.??"]
[EventType "swiss"]
[EventRounds "10"]
[EventCountry "DEN"]
[SourceDate "2004.01.01"]

1. d4 Nf6 2. g3 g6 3. Bg2 Bg7 4. e4 d6 5. Ne2 O-O 6. Nbc3 e5 7. h3 Nbd7 8. O-O
c6 9. a4 a5 10. Be3 h6 11. Qd2 Kh7 12. f4 exf4 13. Bxf4 Nb6 14. b3 d5 15. e5
Ng8 16. g4 Be6 17. Rf2 Nd7 18. Raf1 Qe7 19. Ng3 Rac8 20. Qd3 f6 21. Nf5 gxf5
22. gxf5 Bf7 23. e6 Bh5 24. exd7 Qxd7 25. Ne2 Ne7 26. Bd2 b6 27. Nf4 Bf7 28.
Ne6 Rg8 29. Rf4 Kh8 30. Rh4 Nxf5 31. Qxf5 Qxe6 32. Bxh6 Qxf5 33. Rxf5 Bxh6 34.
Rxh6+ Kg7 35. Rhxf6 Bg6 36. Rf2 Bxc2 37. Rf7+ Kg6 38. R7f6+ Kg7 39. Rf7+ Kg6
40. R7f6+ Kg7 1/2-1/2

[Event "10. Copenhagen Open"]
[Site "Copenhagen"]
[Date "1988.??.??"]
[Round "8"]
[White "Plachetka, Jan"]
[Black "Bern, Ivar"]
[Result "0-1"]
[WhiteElo "2415"]
[BlackElo "2340"]
[PlyCount "102"]
[EventDate "1988.??.??"]
[EventType "swiss"]
[EventRounds "10"]
[EventCountry "DEN"]
[SourceDate "2004.01.01"]

1. d4 f5 2. g3 Nf6 3. Bg2 e6 4. Nf3 d5 5. c4 c6 6. O-O Bd6 7. b3 Qe7 8. a4 O-O
9. Ba3 Bxa3 10. Nxa3 Bd7 11. Nc2 Be8 12. Nce1 Nbd7 13. Nd3 Ne4 14. Qc1 Bh5 15.
Nf4 Bf7 16. Ne5 Nxe5 17. dxe5 d4 18. e3 g5 19. Ne2 d3 20. Nd4 c5 21. Nb5 a6 22.
Nc3 Bg6 23. f3 Nxc3 24. Qxc3 f4 25. e4 Rad8 26. Rad1 Qc7 27. Bh3 Kf7 28. gxf4
gxf4 29. Rxd3 Rxd3 30. Qxd3 Rd8 31. Qc3 Rd4 32. Rf2 Qxe5 33. Rd2 b6 34. a5 bxa5
35. Qxa5 Bh5 36. Bg2 Qd6 37. Rxd4 Qxd4+ 38. Kf1 Qd3+ 39. Kg1 Qe3+ 40. Kf1 Bxf3
41. Bxf3 Qxf3+ 42. Kg1 Qe3+ 43. Kf1 f3 44. Qc7+ Kf6 45. Qd8+ Ke5 46. Qh8+ Kxe4
47. Qxh7+ Kd4 48. Qh4+ Kd3 49. Qe1 e5 50. h4 e4 51. h5 Qg5 0-1

[Event "10. Copenhagen Open"]
[Site "Copenhagen"]
[Date "1988.??.??"]
[Round "8"]
[White "Riemersma, Liafbern"]
[Black "Hansen, Lars Bo"]
[Result "0-1"]
[WhiteElo "2420"]
[BlackElo "2365"]
[PlyCount "176"]
[EventDate "1988.??.??"]
[EventType "swiss"]
[EventRounds "10"]
[EventCountry "DEN"]
[SourceDate "2004.01.01"]

1. e4 c6 2. d4 d5 3. Nd2 dxe4 4. Nxe4 Nf6 5. Nxf6+ exf6 6. Bc4 Qe7+ 7. Qe2 Be6
8. Bd3 Qd6 9. c3 Be7 10. Qc2 Bd5 11. f3 Nd7 12. Ne2 Nf8 13. O-O Qc7 14. Bf4 Bd6
15. Bxd6 Qxd6 16. Ng3 g6 17. Rfe1+ Be6 18. Ne4 Qe7 19. c4 f5 20. Nf2 Qd6 21. d5
cxd5 22. cxd5 Qxd5 23. Qa4+ Ke7 24. Rad1 Qc5 25. Qh4+ Ke8 26. Qf6 Rg8 27. Re5
Nd7 28. Rxe6+ Kf8 29. Qh4 fxe6 30. Qxh7 Nf6 31. Qxb7 Rd8 32. Rd2 Rg7 33. Qb3
Re7 34. g3 Kf7 35. Kg2 Nd5 36. f4 Qc1 37. Re2 Qc6 38. Kf1 Rb7 39. Qc4 Qb6 40.
Qc1 Rc7 41. Bc4 Qd4 42. b3 Rc6 43. Qe1 Qc3 44. Nd3 Qxe1+ 45. Kxe1 Kf6 46. Ne5
Rc7 47. Nf3 Re7 48. Rd2 Rc8 49. Ne5 Nb6 50. h4 Rcc7 51. Rd6 Nxc4 52. bxc4 Rb7
53. Rd2 Rb1+ 54. Ke2 Rg1 55. Kf2 Rc1 56. c5 Rxc5 57. Nd7+ Rxd7 58. Rxd7 Rc2+
59. Kf3 Rxa2 60. Rc7 Ra3+ 61. Kf2 Ra6 62. Rc5 Rb6 63. Rc7 a6 64. Ra7 e5 65.
fxe5+ Kxe5 66. Kf3 Kd5 67. g4 fxg4+ 68. Kxg4 Kc5 69. Kg5 Kb5 70. Re7 a5 71.
Re5+ Ka6 72. Re4 Rc6 73. Ra4 Kb5 74. Ra1 a4 75. Rb1+ Ka5 76. Ra1 Ra6 77. Kh6
Kb4 78. Rb1+ Kc3 79. Ra1 Kb2 80. Rg1 a3 81. Rg2+ Kb3 82. Rg3+ Kc4 83. Rg1 a2
84. Ra1 Kb3 85. Rg1 Rc6 86. Rg3+ Kb2 87. Rg2+ Rc2 88. Rg1 Rh2 0-1

[Event "10. Copenhagen Open"]
[Site "Copenhagen"]
[Date "1988.??.??"]
[Round "8"]
[White "Schandorff, Lars"]
[Black "Lffler, Stefan"]
[Result "1-0"]
[WhiteElo "2400"]
[BlackElo "2290"]
[PlyCount "73"]
[EventDate "1988.??.??"]
[EventType "swiss"]
[EventRounds "10"]
[EventCountry "DEN"]
[SourceDate "2004.01.01"]

1. d4 Nf6 2. c4 c5 3. d5 g6 4. Nc3 d6 5. e4 Bg7 6. Nf3 e6 7. h3 O-O 8. Bd3 exd5
9. exd5 Re8+ 10. Be3 Na6 11. O-O Nb4 12. Bb1 b5 13. a3 bxc4 14. axb4 cxb4 15.
Ne2 a5 16. Nf4 Bb7 17. Qd2 h6 18. Nxg6 fxg6 19. Bxg6 Nxd5 20. Bxh6 Qf6 21. Bxg7
Qxg6 22. Bh6 c3 23. bxc3 Nxc3 24. Nh4 Qh5 25. Qxd6 Ne2+ 26. Kh2 Ra6 27. Qd7
Rxh6 28. Rxa5 Re5 29. Nf5 Qxf5 30. Qxf5 Rxf5 31. Rxf5 Nc3 32. Re1 Be4 33. Rc5
Bd5 34. Re8+ Kf7 35. Rb8 Rg6 36. f3 Ke6 37. Rxb4 1-0

[Event "10. Copenhagen Open"]
[Site "Copenhagen"]
[Date "1988.??.??"]
[Round "8"]
[White "Schulz, Klaus Jurgen"]
[Black "Berg, Klaus"]
[Result "0-1"]
[WhiteElo "2345"]
[BlackElo "2370"]
[PlyCount "70"]
[EventDate "1988.??.??"]
[EventType "swiss"]
[EventRounds "10"]
[EventCountry "DEN"]
[SourceDate "2004.01.01"]

1. g3 d5 2. Bg2 Nf6 3. c4 c6 4. Qb3 e6 5. Nf3 Bd6 6. d4 O-O 7. Nc3 Nbd7 8. O-O
Qe7 9. Re1 dxc4 10. Qxc4 e5 11. e4 exd4 12. Nxd4 Ne5 13. Qe2 Re8 14. h3 c5 15.
Ndb5 c4 16. Nd5 Nxd5 17. Nxd6 Qxd6 18. exd5 Nf3+ 19. Bxf3 Rxe2 20. Rxe2 Bxh3
21. Bf4 Qf6 22. Rae1 Rf8 23. Re3 Qxb2 24. Bd6 Bd7 25. Bxf8 Kxf8 26. Re7 Qb4 27.
R7e3 Qd6 28. Rb1 b5 29. a3 g6 30. Kf1 a5 31. Ke1 b4 32. axb4 axb4 33. Rc1 Bb5
34. Re4 b3 35. Re3 Qb4+ 0-1

[Event "10. Copenhagen Open"]
[Site "Copenhagen"]
[Date "1988.??.??"]
[Round "8"]
[White "Siklosi, Zoltan"]
[Black "Sinkovics, Peter"]
[Result "1/2-1/2"]
[WhiteElo "2265"]
[BlackElo "2310"]
[PlyCount "57"]
[EventDate "1988.??.??"]
[EventType "swiss"]
[EventRounds "10"]
[EventCountry "DEN"]
[SourceDate "2004.01.01"]

1. Nf3 Nf6 2. b3 d5 3. Bb2 c5 4. e3 g6 5. c4 Bg7 6. cxd5 O-O 7. Bxf6 exf6 8.
Nc3 Nd7 9. Rc1 f5 10. Bc4 a6 11. a4 Rb8 12. O-O Qa5 13. d4 b5 14. axb5 axb5 15.
Be2 Rd8 16. Qd2 b4 17. Na4 cxd4 18. Nxd4 Qxd5 19. Qc2 Ne5 20. Nc5 Bb7 21. Nxb7
Qxb7 22. Nf3 Rbc8 23. Rfd1 Qb8 24. Rxd8+ Rxd8 25. Nxe5 Bxe5 26. g3 Bc3 27. Rd1
Rd6 28. Rxd6 Qxd6 29. Qd3 1/2-1/2

[Event "10. Copenhagen Open"]
[Site "Copenhagen"]
[Date "1988.??.??"]
[Round "8"]
[White "Stein, Bernd"]
[Black "Pieniazek, Artur"]
[Result "1/2-1/2"]
[WhiteElo "2365"]
[BlackElo "2275"]
[PlyCount "41"]
[EventDate "1988.??.??"]
[EventType "swiss"]
[EventRounds "10"]
[EventCountry "DEN"]
[SourceDate "2004.01.01"]

1. d4 Nf6 2. c4 e6 3. Nc3 c5 4. d5 exd5 5. cxd5 d6 6. e4 g6 7. Nf3 Bg7 8. Be2
O-O 9. O-O Re8 10. Nd2 Na6 11. f3 Nc7 12. a4 b6 13. Nc4 Ba6 14. Bg5 Qd7 15. Rb1
Rab8 16. Qd2 Bxc4 17. Bxc4 a6 18. b4 b5 19. axb5 axb5 20. Be2 c4 21. Ra1
1/2-1/2

[Event "10. Copenhagen Open"]
[Site "Copenhagen"]
[Date "1988.??.??"]
[Round "8"]
[White "Szekely, Peter"]
[Black "Sorensen, Torben N"]
[Result "1/2-1/2"]
[WhiteElo "2420"]
[BlackElo "2360"]
[PlyCount "44"]
[EventDate "1988.??.??"]
[EventType "swiss"]
[EventRounds "10"]
[EventCountry "DEN"]
[SourceDate "2004.01.01"]

1. Nf3 Nf6 2. c4 c5 3. g3 b6 4. Bg2 Bb7 5. O-O e6 6. Nc3 a6 7. d4 cxd4 8. Qxd4
d6 9. b3 Nbd7 10. Ba3 Nc5 11. Rad1 Be7 12. e4 Qc8 13. Qe3 O-O 14. Rfe1 Re8 15.
h3 Ra7 16. e5 Bxf3 17. Bxf3 dxe5 18. Bxc5 Bxc5 19. Qxe5 Qc7 20. Na4 Bb4 21. Re3
Nd7 22. Qxc7 Rxc7 1/2-1/2

[Event "10. Copenhagen Open"]
[Site "Copenhagen"]
[Date "1988.??.??"]
[Round "8"]
[White "Sorensen, Bent"]
[Black "Bjerring, Kai"]
[Result "0-1"]
[WhiteElo "2320"]
[BlackElo "2305"]
[PlyCount "84"]
[EventDate "1988.??.??"]
[EventType "swiss"]
[EventRounds "10"]
[EventCountry "DEN"]
[SourceDate "2004.01.01"]

1. g3 g6 2. Bg2 Bg7 3. c4 e5 4. Nc3 Ne7 5. e3 c5 6. Nge2 Nbc6 7. O-O O-O 8. d3
d6 9. a3 Rb8 10. Rb1 a5 11. Nd5 b5 12. b3 bxc4 13. dxc4 Bf5 14. Rb2 e4 15. Rd2
Ne5 16. Nec3 Nxd5 17. Rxd5 Nf3+ 18. Bxf3 exf3 19. Bd2 Qe7 20. Re1 a4 21. Rxf5
gxf5 22. Nxa4 Qe4 23. Bc3 Be5 24. Bxe5 Qxe5 25. Qxf3 Rxb3 26. Rd1 Rfb8 27. Rd5
Qa1+ 28. Rd1 Qxd1+ 29. Qxd1 Rb1 30. Qxb1 Rxb1+ 31. Kg2 Rb3 32. Kf3 Kg7 33. Ke2
Rxa3 34. Nb6 Ra2+ 35. Kf3 Kf6 36. h3 h5 37. Nd5+ Ke5 38. Nf4 Rc2 39. Nxh5 Rxc4
40. Nf4 Rc2 41. h4 c4 42. h5 Rd2 0-1

[Event "10. Copenhagen Open"]
[Site "Copenhagen"]
[Date "1988.??.??"]
[Round "8"]
[White "Thorsteins, Karl"]
[Black "Andreasson, Ingvar"]
[Result "1-0"]
[WhiteElo "2440"]
[BlackElo "2335"]
[PlyCount "87"]
[EventDate "1988.??.??"]
[EventType "swiss"]
[EventRounds "10"]
[EventCountry "DEN"]
[SourceDate "2004.01.01"]

1. d4 f5 2. g3 Nf6 3. Bg2 e6 4. Nf3 d5 5. O-O Bd6 6. c4 c6 7. b3 Qe7 8. Bb2 b6
9. Nbd2 O-O 10. Ne5 Bb7 11. e3 Nbd7 12. cxd5 cxd5 13. Ndc4 dxc4 14. Bxb7 Nxe5
15. dxe5 Bxe5 16. Bxa8 Bxb2 17. Rb1 c3 18. Bg2 Rd8 19. Qc2 Qa3 20. Rfd1 Rxd1+
21. Rxd1 Qxa2 22. e4 Qa5 23. b4 Qb5 24. Bf1 Qe5 25. exf5 Qxf5 26. Bd3 Qe5 27.
Qa4 a5 28. bxa5 bxa5 29. Bc2 Qc7 30. Re1 Kf7 31. Bb3 c2 32. Bxc2 Bc3 33. Re3
Nd5 34. Rf3+ Bf6 35. Bb3 Nc3 36. Qg4 Qc6 37. Re3 Nd5 38. Qh5+ Kf8 39. Bxd5 Qxd5
40. Qxd5 exd5 41. Ra3 Ke7 42. Rxa5 Kd6 43. Kf1 Bc3 44. Ra7 1-0

[Event "10. Copenhagen Open"]
[Site "Copenhagen"]
[Date "1988.??.??"]
[Round "9"]
[White "Andreasson, Ingvar"]
[Black "Horvath, Tamas"]
[Result "1-0"]
[WhiteElo "2335"]
[BlackElo "2415"]
[PlyCount "80"]
[EventDate "1988.??.??"]
[EventType "swiss"]
[EventRounds "10"]
[EventCountry "DEN"]
[SourceDate "2004.01.01"]

1. Nf3 c5 2. g3 b6 3. Bg2 Bb7 4. O-O Nf6 5. d3 g6 6. e4 Bg7 7. Re1 O-O 8. c3 d6
9. Nbd2 e5 10. a4 Nc6 11. Nc4 Qc7 12. Bg5 h6 13. Bd2 Rad8 14. b4 Rfe8 15. b5
Nb8 16. Qc1 Kh7 17. a5 Nbd7 18. axb6 axb6 19. Ra7 Bf8 20. Qb2 Ra8 21. Rea1 Rxa7
22. Rxa7 Qb8 23. Qa2 Kg8 24. Ne3 Be7 25. Bh3 Rd8 26. Nh4 d5 27. exd5 Nf8 28.
Bg2 Ne8 29. Ng4 Nd6 30. Nxe5 Bxh4 31. gxh4 Re8 32. Ng4 Qd8 33. h3 h5 34. Bg5
Re1+ 35. Bf1 Qc8 36. Nf6+ Kg7 37. Qd2 Rxf1+ 38. Kxf1 Qxh3+ 39. Ke2 Bc8 40. Qf4
Nf5 1-0

[Event "10. Copenhagen Open"]
[Site "Copenhagen"]
[Date "1988.??.??"]
[Round "9"]
[White "Bern, Ivar"]
[Black "Conquest, Stuart"]
[Result "1/2-1/2"]
[WhiteElo "2340"]
[BlackElo "2315"]
[PlyCount "83"]
[EventDate "1988.??.??"]
[EventType "swiss"]
[EventRounds "10"]
[EventCountry "DEN"]
[SourceDate "2004.01.01"]

1. c4 e6 2. Nf3 Nf6 3. Nc3 d5 4. d4 c6 5. cxd5 exd5 6. Qc2 h6 7. g3 Bd6 8. Bg2
O-O 9. O-O Re8 10. Bf4 Bxf4 11. gxf4 Ne4 12. Nxe4 Rxe4 13. e3 Bf5 14. Qb3 Re7
15. Ne5 Nd7 16. Kh1 Nf6 17. Qa3 Ne4 18. Rac1 a5 19. b3 Re6 20. Qb2 Qh4 21. Qe2
g5 22. Bxe4 Bxe4+ 23. f3 Bh7 24. Rg1 f6 25. Ng4 Kf7 26. fxg5 hxg5 27. Qd2 Bf5
28. Rce1 Rh8 29. Re2 Qh3 30. Rf2 b6 31. a3 Rh4 32. e4 dxe4 33. d5 cxd5 34. Qxd5
Bxg4 35. fxg4 Rxg4 36. Rc1 Rf4 37. Qd7+ Kg6 38. Rxf4 gxf4 39. Rg1+ Kf5 40. Qd5+
Re5 41. Qd7+ Re6 42. Qd5+ 1/2-1/2

[Event "10. Copenhagen Open"]
[Site "Copenhagen"]
[Date "1988.??.??"]
[Round "9"]
[White "Brinck Claussen, Bjorn"]
[Black "Pieniazek, Artur"]
[Result "1/2-1/2"]
[WhiteElo "2370"]
[BlackElo "2275"]
[PlyCount "44"]
[EventDate "1988.??.??"]
[EventType "swiss"]
[EventRounds "10"]
[EventCountry "DEN"]
[SourceDate "2004.01.01"]

1. d4 d5 2. c4 dxc4 3. e3 Nf6 4. Bxc4 e6 5. Nf3 c5 6. O-O a6 7. a4 Nc6 8. Qe2
cxd4 9. Rd1 Be7 10. exd4 O-O 11. Nc3 Nb4 12. Bg5 Nfd5 13. Nxd5 Nxd5 14. Bxe7
Nxe7 15. Qe4 Rb8 16. Ne5 Bd7 17. d5 exd5 18. Bxd5 Nxd5 19. Rxd5 Bf5 20. Rxd8
Bxe4 21. Rxf8+ Rxf8 22. f3 Re8 1/2-1/2

[Event "10. Copenhagen Open"]
[Site "Copenhagen"]
[Date "1988.??.??"]
[Round "9"]
[White "Davies, Nigel"]
[Black "Berg, Klaus"]
[Result "1/2-1/2"]
[WhiteElo "2450"]
[BlackElo "2370"]
[PlyCount "27"]
[EventDate "1988.??.??"]
[EventType "swiss"]
[EventRounds "10"]
[EventCountry "DEN"]
[SourceDate "2004.01.01"]

1. Nf3 Nf6 2. g3 g6 3. c4 Bg7 4. d4 c5 5. Bg2 cxd4 6. Nxd4 O-O 7. Nc3 Nc6 8.
O-O Ng4 9. e3 d6 10. Nde2 a6 11. b3 Bd7 12. h3 Nf6 13. Bb2 Qa5 14. Qd2 1/2-1/2

[Event "10. Copenhagen Open"]
[Site "Copenhagen"]
[Date "1988.??.??"]
[Round "9"]
[White "Hansen, Lars Bo"]
[Black "Inkiov, Ventzislav"]
[Result "1/2-1/2"]
[WhiteElo "2365"]
[BlackElo "2490"]
[PlyCount "34"]
[EventDate "1988.??.??"]
[EventType "swiss"]
[EventRounds "10"]
[EventCountry "DEN"]
[SourceDate "2004.01.01"]

1. d4 Nf6 2. c4 e6 3. g3 d5 4. Bg2 dxc4 5. Nf3 c5 6. O-O Nc6 7. Ne5 Bd7 8. Na3
cxd4 9. Naxc4 Rc8 10. Qb3 Nxe5 11. Nxe5 Bc6 12. Nxc6 bxc6 13. Rd1 c5 14. e3 Bd6
15. exd4 c4 16. Qb5+ Qd7 17. a4 O-O 1/2-1/2

[Event "10. Copenhagen Open"]
[Site "Copenhagen"]
[Date "1988.??.??"]
[Round "9"]
[White "Hoiberg, Nina"]
[Black "Hartung Nielsen, Jens"]
[Result "1-0"]
[WhiteElo "2285"]
[BlackElo "2270"]
[PlyCount "107"]
[EventDate "1988.??.??"]
[EventType "swiss"]
[EventRounds "10"]
[EventCountry "DEN"]
[SourceDate "2004.01.01"]

1. e4 c5 2. Nf3 Nc6 3. d4 cxd4 4. Nxd4 Nf6 5. Nc3 e6 6. Bc4 a6 7. Bb3 Qc7 8.
O-O b5 9. Bg5 Be7 10. a4 b4 11. Nxc6 Qxc6 12. Nd5 Nxd5 13. Bxd5 exd5 14. exd5
Qg6 15. Bxe7 Kxe7 16. Re1+ Kd8 17. Qd4 Qd6 18. Qxg7 Rf8 19. c4 bxc3 20. bxc3
Bb7 21. c4 Kc7 22. Reb1 f6 23. Qg4 Rab8 24. Qd4 Ba8 25. Rd1 Kc8 26. c5 Qe5 27.
Qc4 Kd8 28. c6 Qd6 29. Rac1 Ke7 30. Qe4+ Qe5 31. d6+ Ke6 32. Qc4+ Kf5 33. Rd5
Bxc6 34. Rxe5+ fxe5 35. Qxa6 Kf6 36. Qc4 Kg7 37. Qc3 Rbe8 38. a5 Kg8 39. Re1
Rf5 40. a6 Rg5 41. g3 Rg6 42. Qc5 e4 43. a7 Rf6 44. Ra1 Rff8 45. Qc4+ Kh8 46.
Ra5 h6 47. h4 Kh7 48. Rc5 e3 49. fxe3 Rxe3 50. Rxc6 dxc6 51. Qc2+ Kg7 52. Qb2+
Kg6 53. Qb1+ Kh5 54. a8=Q 1-0

[Event "10. Copenhagen Open"]
[Site "Copenhagen"]
[Date "1988.??.??"]
[Round "9"]
[White "Jadoul, Michel"]
[Black "Ernst, Thomas"]
[Result "0-1"]
[WhiteElo "2400"]
[BlackElo "2455"]
[PlyCount "80"]
[EventDate "1988.??.??"]
[EventType "swiss"]
[EventRounds "10"]
[EventCountry "DEN"]
[SourceDate "2004.01.01"]

1. e4 c5 2. Nf3 d6 3. d4 cxd4 4. Nxd4 Nf6 5. Nc3 g6 6. Be3 Bg7 7. f3 O-O 8. Qd2
Nc6 9. Bc4 Bd7 10. O-O-O Ne5 11. Bb3 Rc8 12. Bg5 Rc5 13. Rhe1 Qa5 14. f4 Nc6
15. e5 dxe5 16. Bxf7+ Rxf7 17. Nb3 Qb4 18. Bxf6 exf6 19. Re4 Rc4 20. a3 Qxc3
21. bxc3 Rxe4 22. Nc5 Bh6 23. Kb2 Rxf4 24. Qd5 Bc8 25. g3 Rf5 26. Qc4 Bf8 27.
Nxb7 Bxb7 28. Rd7 Nd8 29. Rxd8 Kg7 30. Qe6 Be4 31. Rd7 Rxd7 32. Qxd7+ Kh6 33.
Qxa7 Bf3 34. Qe3+ g5 35. h4 e4 36. hxg5+ fxg5 37. Qb6+ Kh5 38. Qe6 Kg4 39. a4
Bc5 40. a5 e3 0-1

[Event "10. Copenhagen Open"]
[Site "Copenhagen"]
[Date "1988.??.??"]
[Round "9"]
[White "Jakobsen, Ole"]
[Black "Wegner, Hannu"]
[Result "1/2-1/2"]
[WhiteElo "2385"]
[BlackElo "2320"]
[PlyCount "34"]
[EventDate "1988.??.??"]
[EventType "swiss"]
[EventRounds "10"]
[EventCountry "DEN"]
[SourceDate "2004.01.01"]

1. c4 Nf6 2. Nc3 c5 3. g3 d5 4. cxd5 Nxd5 5. Bg2 Nc7 6. d3 e5 7. Nf3 Nc6 8. O-O
Be7 9. Nd2 Bd7 10. Nc4 f6 11. f4 b5 12. Ne3 exf4 13. gxf4 Rb8 14. Ncd5 O-O 15.
Nxc7 Qxc7 16. Nd5 Qd8 17. Be3 Nd4 1/2-1/2

[Event "10. Copenhagen Open"]
[Site "Copenhagen"]
[Date "1988.??.??"]
[Round "9"]
[White "Kaspersen, Morten"]
[Black "Sorensen, Bent"]
[Result "0-1"]
[WhiteElo "2250"]
[BlackElo "2320"]
[PlyCount "42"]
[EventDate "1988.??.??"]
[EventType "swiss"]
[EventRounds "10"]
[EventCountry "DEN"]
[SourceDate "2004.01.01"]

1. d4 d5 2. c4 e6 3. cxd5 exd5 4. Nc3 c6 5. Bf4 Bf5 6. e3 Nf6 7. Bd3 Bxd3 8.
Qxd3 Nbd7 9. Nf3 Be7 10. h3 O-O 11. O-O-O b5 12. Ne5 Nxe5 13. dxe5 Nd7 14. Kb1
Re8 15. Bh2 Bf8 16. f4 Nc5 17. Qc2 Qa5 18. e4 b4 19. exd5 bxc3 20. d6 Reb8 21.
b3 Qa3 0-1

[Event "10. Copenhagen Open"]
[Site "Copenhagen"]
[Date "1988.??.??"]
[Round "9"]
[White "Kruszynski, Wlodzimierz"]
[Black "Bergmann, Jesper"]
[Result "1-0"]
[WhiteElo "2335"]
[BlackElo "2245"]
[PlyCount "87"]
[EventDate "1988.??.??"]
[EventType "swiss"]
[EventRounds "10"]
[EventCountry "DEN"]
[SourceDate "2004.01.01"]

1. e4 c6 2. d4 d5 3. exd5 cxd5 4. c4 Nf6 5. Nc3 e6 6. Nf3 Be7 7. Bd3 O-O 8. O-O
b6 9. cxd5 Nxd5 10. Nxd5 exd5 11. Ne5 Ba6 12. Nc6 Qd6 13. Nxe7+ Qxe7 14. Re1
Qf6 15. Bc2 Nc6 16. Be3 Rfe8 17. Rc1 Re6 18. Qd2 Rae8 19. Red1 g6 20. Ba4 Bb7
21. h3 Re4 22. Bc2 R4e6 23. a3 Na5 24. b3 Qe7 25. Ra1 Rc8 26. Rdb1 Rec6 27. Bd1
Rc3 28. b4 Rxe3 29. Qxe3 Qxe3 30. fxe3 Nc4 31. Kf2 Re8 32. Bb3 Nd2 33. Rb2 Ne4+
34. Kg1 Ng3 35. Re1 f5 36. Rc2 Re7 37. b5 f4 38. Kf2 Ne4+ 39. Kf3 fxe3 40. Rxe3
Rf7+ 41. Ke2 Nd6 42. a4 a6 43. Re6 Rd7 44. Rxd6 1-0

[Event "10. Copenhagen Open"]
[Site "Copenhagen"]
[Date "1988.??.??"]
[Round "9"]
[White "Levitt, Jonathan"]
[Black "Thorsteins, Karl"]
[Result "1/2-1/2"]
[WhiteElo "2440"]
[BlackElo "2440"]
[PlyCount "41"]
[EventDate "1988.??.??"]
[EventType "swiss"]
[EventRounds "10"]
[EventCountry "DEN"]
[SourceDate "2004.01.01"]

1. d4 Nf6 2. c4 g6 3. Nc3 d5 4. Bf4 Bg7 5. e3 c5 6. dxc5 Qa5 7. Rc1 Ne4 8. cxd5
Nxc3 9. Qd2 Qxa2 10. bxc3 Qa5 11. Nf3 Nd7 12. Bc4 Nxc5 13. Be5 Bxe5 14. Nxe5 f6
15. Nf3 b5 16. Ba2 Ne4 17. Qb2 Bd7 18. O-O Rc8 19. Qb4 Qxa2 20. Qxe4 Qc4 21.
Qxc4 1/2-1/2

[Event "10. Copenhagen Open"]
[Site "Copenhagen"]
[Date "1988.??.??"]
[Round "9"]
[White "Lffler, Stefan"]
[Black "Siklosi, Zoltan"]
[Result "1-0"]
[WhiteElo "2290"]
[BlackElo "2265"]
[PlyCount "49"]
[EventDate "1988.??.??"]
[EventType "swiss"]
[EventRounds "10"]
[EventCountry "DEN"]
[SourceDate "2004.01.01"]

1. Nf3 Nf6 2. c4 e6 3. d4 d5 4. Nc3 Bb4 5. Bg5 Nbd7 6. e3 c5 7. cxd5 exd5 8.
Bd3 Qa5 9. O-O O-O 10. Nxd5 Nxd5 11. a3 h6 12. Bh4 cxd4 13. axb4 Qxb4 14. Nxd4
b6 15. Qf3 Bb7 16. Nf5 g6 17. Nxh6+ Kg7 18. e4 Kxh6 19. Qh3 Nf4 20. Qxd7 Nxd3
21. Bf6 Nf4 22. Qxb7 Rab8 23. Qe7 Qb5 24. Be5 Rbe8 25. Bxf4+ 1-0